000 00865cab a2200265 4500
001 ABS55066
008 090401t1996 xxu||||| |||| 00| 0 eng d
035 _a(Sirsi) u13931
041 _aeng
100 _aLewison, K.
245 _aLegal costs may mount as an ancient safeguard disappears
260 _c1996
350 _a0
490 _aProperty Week
_v55(2) 11 April 1996, 26-27(2)
520 _aDiscusses the legal interpretation of `subject to contract` in conveyancing terms in the light of the Law of Property (Miscellaneous Provisions) Act 1989.
650 _aCONVEYANCING
650 _aEXCHANGE OF CONTRACTS
650 _aLAW OF CONTRACT
650 _aLAW OF PROPERTY MISCELLANEOUS PROVISONS ACT 1989
650 _aSUBJECT TO CONTRACT
650 _aTITLE DEEDS
690 _aPROPERTY LAW AND PRACTICE
942 _n0
948 _c04/03/1997
999 _c9003
_d9003